| 000 | 00880nam a22003017a 4500 | ||
|---|---|---|---|
| 001 | BR7908924 | ||
| 003 | BR-BrBNA | ||
| 005 | 20230928090412.0 | ||
| 007 | ta | ||
| 008 | 230509b bl.||||| |||| 00| 0 por d | ||
| 040 |
_aBR-BrBNA _bpor _cBiblioteca Nacional de Agricultura |
||
| 041 | _a(Por) | ||
| 072 |
_aL30 _b8954 _b2110 _b3730 |
||
| 090 | _ 8954 BR7908924 | ||
| 100 | 1 | _aMancilha, I.M. de | |
| 110 | 1 |
_aUniversidade Federal de Vicosa, MG (Brasil) _0Tese (Magister Scientiae) |
|
| 245 | 1 | _aUtilizacao da casca de cacau para a producao de proteina microbiana | |
| 260 | 3 |
_aVicosa, MG (Brasil): _c1979. |
|
| 300 | _a50 p. | ||
| 500 | _a14 illus.; 14 tables; 31 ref.; Summary (Por) | ||
| 650 | _aNUTRICAO ANIMAL | ||
| 650 | _aPROTEINA MICROBIANA | ||
| 650 | _aCACAU | ||
| 650 | _aCASCA | ||
| 650 | _aRACAO | ||
| 909 |
_a202309 _bLucia _c55 _dLucia Elande |
||
| 942 | _cBK | ||
| 999 |
_c28718 _d28718 |
||